Nachbarländer mit den größten BIPs - Statistiken

Allgemein
  • Dieses Quiz wurde 64 mal gespielt
  • Das Durchschnittsergebnis liegt bei 20 aus 24
Antwortstatistiken
Land % Korrekt
China
97%
Deutschland
97%
Frankreich
97%
Spanien
97%
Belgien
95%
Kanada
95%
Niederlande
95%
Russland
95%
Indien
93%
Mexiko
93%
Polen
93%
Vereinigte Staaten
92%
Italien
88%
Brasilien
85%
Pakistan
85%
Argentinien
81%
Bangladesch
81%
Kolumbien
75%
Vietnam
75%
Iran
73%
Kasachstan
73%
Türkei
73%
Indonesien
54%
Malaysia
53%
Keine übereinstimmenden Quizze gefunden
Verteilung der Resultate
Anzahl Personen mit jedem Resultat
Perzentil nach korrekt beantworteten Fragen
Ihre Resultats-Entwicklung
Sie haben dieses Quiz noch nicht gespielt